Statistics for Tastezones of the Tongue on a Map

Click here to take the quiz!

General Stats

  • This quiz has been taken 22 times
  • The average score is 4 of 5

Answers on the Map

Answers color-coded by a green-red scale on the quiz's map according to % correct below.
 

Answer Stats

Answer% Correct
Sour
100%
Sweet
100%
Salty
94%
Bitter
83%
Umami
67%

Score Distribution

Percentile by Number Answered

Percent of People with Each Score

Your Score History

You have not taken this quiz